000
00274nam a22001097a 4500
040
_c
SCME
100
_a
Z.H.Zaidi
_9
108607
245
_a
Jinnah Papers Pakistan : Pangs of Birth
260
_a
slamabad
_b
Quaid e azam paper project
_c
1996
300
_a
654p
942
_2
ddc
_c
BK
999
_c
609130
_d
609130